FIFA World Cup Finalists by Official Language Quiz Stats

 Plays Quiz Updated Jul 15, 2018

Challenge
Share
Tweet
Embed
Score 0/42 Timer 02:00
9 Plays Today
Year Language % Correct
1930 WinnersSpanish
98.5%
1950 WinnersSpanish
98.5%
1978 WinnersSpanish
98.5%
1986 WinnersSpanish
98.5%
2010 WinnersSpanish
98.5%
1930 Runners-upSpanish
98.5%
1990 Runners-upSpanish
98.5%
2014 Runners-upSpanish
98.5%
1954 WinnersGerman
97.8%
1974 WinnersGerman
97.8%
1990 WinnersGerman
97.8%
2014 WinnersGerman
97.8%
1966 Runners-upGerman
97.8%
1982 Runners-upGerman
97.8%
1986 Runners-upGerman
97.8%
2002 Runners-upGerman
97.8%
1966 WinnersEnglish
97.7%
1998 WinnersFrench
96.2%
2006 Runners-upFrench
96.2%
2018 WinnersFrench
94.9%
1934 WinnersItalian
94.4%
Year Language % Correct
1938 WinnersItalian
94.4%
1982 WinnersItalian
94.4%
2006 WinnersItalian
94.4%
1970 Runners-upItalian
94.4%
1994 Runners-upItalian
94.4%
1958 WinnersPortuguese
92.5%
1962 WinnersPortuguese
92.5%
1970 WinnersPortuguese
92.5%
1994 WinnersPortuguese
92.5%
2002 WinnersPortuguese
92.5%
1950 Runners-upPortuguese
92.5%
1998 Runners-upPortuguese
92.5%
1974 Runners-upDutch
86.4%
1978 Runners-upDutch
86.4%
2010 Runners-upDutch
86.4%
2018 Runners-upCroatian
79.6%
1958 Runners-upSwedish
67.7%
1938 Runners-upHungarian
55.1%
1954 Runners-upHungarian
55.1%
1934 Runners-upCzech
50.8%
1962 Runners-upCzech
50.8%

You're not logged in!

Compare scores with friends on all Sporcle quizzes.
Join for Free
OR
Log In

You Might Also Like...

Show Comments

Extras

Top Quizzes Today


Score Distribution

Your Account Isn't Verified!

In order to create a playlist on Sporcle, you need to verify the email address you used during registration. Go to your Sporcle Settings to finish the process.

Report this User

Report this user for behavior that violates our Community Guidelines.

Details: